| 000 | 00521nam a2200205Ia 4500 | ||
|---|---|---|---|
| 003 | GCL | ||
| 008 | 140319s9999 xx 000 0 eng d | ||
| 040 |
_aGCL / _cGCL |
||
| 082 | 0 | 4 |
_a809.01 _bN L |
| 100 | 1 | _aNICHOLSON,REYNOLD | |
| 245 | 1 | 0 |
_aA LITERARY HISTORY OF THE ARABS / _cNICHOLSON,REYNOLD |
| 260 |
_a[S.N] : _bCURZON PRESS ، _c1993 |
||
| 300 | _a506 P | ||
| 650 | 0 | 4 | _aLITERATURE |
| 650 | 0 | 4 | _aHISTORY |
| 650 | 0 | 4 | _aARABIC LANGUAGE |
| 650 | 0 | 4 | _aARABS |
| 650 | 0 | 4 | _aISLAM - CIVILIZATION |
| 942 |
_2ddc _cBK |
||
| 999 |
_c17162 _d17162 |
||